Подробности
| 000 -МАРКЕР |
| контрольное поле |
01914nam2a22002291 4500 |
| 001 - ИДЕНТИФИКАТОР ЗАПИСИ |
| контрольное поле |
rc\1128834 |
| 005 - ИДЕНТИФИКАТОР ВЕРСИИ |
| контрольное поле |
20250622192409.0 |
| 035 ## - ДРУГИЕ СИСТЕМНЫЕ НОМЕРА |
| Идентификатор записи |
(NLR Aleph) 006379444 |
| 100 ## - ДАННЫЕ ОБЩЕЙ ОБРАБОТКИ |
| Данные общей обработки |
20041126d1981 |||y0rusy50 ca |
| 101 0# - ЯЗЫК РЕСУРСА |
| Язык текста, звукозаписи и т.д. |
русский |
| 102 ## - СТРАНА ПУБЛИКАЦИИ ИЛИ ПРОИЗВОДСТВА |
| Страна публикации |
Российская Федерация |
| 105 ## - ПОЛЕ КОДИРОВАННЫХ ДАННЫХ: ТЕКСТОВЫЕ МАТЕРИАЛЫ, МОНОГРАФИЧЕСКИЕ |
| Кодированные данные о монографическом текстовом документе |
y ||||||||| |
| 200 1# - ЗАГЛАВИЕ И СВЕДЕНИЯ ОБ ОТВЕТСТВЕННОСТИ |
| Основное заглавие |
Оборудование древесностружечных плит. Разд. 8. Оборудование древесноволокнистых плит. Разд. 9. Оборудование для ламинирования. Разд. 15. Лабораторный контроль и анализ |
| Сведения, относящиеся к заглавию |
Доп. к разд. 1, 2, 3, 5, 6 |
| -- |
Утв. М-вом лесн., целлюлоз.-бум. и деревообраб. пром-сти СССР 13.02.81 |
| -- |
Вводится в действие с 01.04.81 |
| 210 ## - ПУБЛИКАЦИЯ, РАСПРОСТРАНЕНИЕ И ДР. |
| Дата издания, распространения и т.д. |
1981 |
| Место издания, распространения и т.д. |
Б. м. |
| 215 ## - ФИЗИЧЕСКАЯ ХАРАКТЕРИСТИКА |
| Специфическое обозначение материала и объем |
150 с. |
| 461 #0 - УРОВЕНЬ НАБОРА |
| Встроенное поле |
001rc\1128833 |
| -- |
2001#$aВременный сборник цен и нормативных документов по производству наладочных работ, выполняемых на предприятиях Минлесбумпрома СССР$eСЦНД-01$eТ. 1. Технологическое оборудование деревообрабатывающих производств. Дополнение...$v№ 4. Разд. 7 |
| Системный номер (АБИС) связанной записи |
5068773 |
| Место публикации |
М. |
| Дата публикации |
1981 |
| Имя издателя, распространителя и т.д. |
Б. и. |
| Сведения, относящиеся к заглавию |
СЦНД-01 : Т. 1. Технологическое оборудование деревообрабатывающих производств. Дополнение... |
| Заглавие |
Временный сборник цен и нормативных документов по производству наладочных работ, выполняемых на предприятиях Минлесбумпрома СССР |
| Номер тома |
№ 4. Разд. 7 |
| 801 #0 - ИСТОЧНИК ЗАПИСИ |
| Страна |
Российская Федерация |
| Организация |
NLR |
| Правила каталогизации |
psbo |
| 801 #1 - ИСТОЧНИК ЗАПИСИ |
| Страна |
Российская Федерация |
| Организация |
ELAR |
| Источник данных |
rusmarc |
| 852 ## - МЕСТОНАХОЖДЕНИЕ И ШИФР ХРАНЕНИЯ |
| Идентификатор организации |
NLR |
| Наименование фонда или коллекции (Sub-Location Identifier) |
Пт |
| Шифр хранения (Call Number) |
50/194 |
| 942 ## - ДОПОЛНИТЕЛЬНЫЕ ЭЛЕМЕНТЫ ЗАПИСИ (АБИС) |
| Тип экземпляра АБИС |
Книга |
| 980 ## - КОЛЛЕКЦИЯ |
| Название коллекции |
Национальная библиография |